<?xml version="1.0" encoding="UTF-8"?>
<record
    xmlns:xsi="http://www.w3.org/2001/XMLSchema-instance"
    xsi:schemaLocation="http://www.loc.gov/MARC21/slim http://www.loc.gov/standards/marcxml/schema/MARC21slim.xsd"
    xmlns="http://www.loc.gov/MARC21/slim">

  <leader>00384njm a2200169uu 4500</leader>
  <controlfield tag="001">1321391</controlfield>
  <controlfield tag="005">20260508075553.0</controlfield>
  <controlfield tag="007">sd||||g|</controlfield>
  <controlfield tag="008">130401nuuuuuuuu                    chi  </controlfield>
  <datafield tag="035" ind1=" " ind2=" ">
    <subfield code="a">1321391</subfield>
  </datafield>
  <datafield tag="040" ind1=" " ind2=" ">
    <subfield code="c">comduadb</subfield>
  </datafield>
  <datafield tag="041" ind1=" " ind2=" ">
    <subfield code="a">chi</subfield>
  </datafield>
  <datafield tag="082" ind1=" " ind2="4">
    <subfield code="a">372</subfield>
  </datafield>
  <datafield tag="245" ind1="1" ind2="3">
    <subfield code="a">El chino conversacional de 301 oraciones</subfield>
  </datafield>
  <datafield tag="650" ind1=" " ind2=" ">
    <subfield code="a">Mandar&#xED;n</subfield>
    <subfield code="9">89408</subfield>
  </datafield>
  <datafield tag="942" ind1=" " ind2=" ">
    <subfield code="c">BOOK</subfield>
  </datafield>
  <datafield tag="999" ind1=" " ind2=" ">
    <subfield code="c">644201</subfield>
    <subfield code="d">644201</subfield>
  </datafield>
  <datafield tag="952" ind1=" " ind2=" ">
    <subfield code="0">0</subfield>
    <subfield code="1">0</subfield>
    <subfield code="4">0</subfield>
    <subfield code="7">0</subfield>
    <subfield code="8">AUDIOVISUA</subfield>
    <subfield code="a">CIIC</subfield>
    <subfield code="b">CIIC</subfield>
    <subfield code="d">2013-11-12</subfield>
    <subfield code="i">C1191238</subfield>
    <subfield code="l">0</subfield>
    <subfield code="o">ACDCH 372/011 d.2 e.2</subfield>
    <subfield code="p">0767970</subfield>
    <subfield code="r">2023-05-02 00:00:00</subfield>
    <subfield code="t">2</subfield>
    <subfield code="w">2023-05-02</subfield>
    <subfield code="y">DIGITAL</subfield>
  </datafield>
  <datafield tag="952" ind1=" " ind2=" ">
    <subfield code="0">0</subfield>
    <subfield code="1">0</subfield>
    <subfield code="4">0</subfield>
    <subfield code="7">0</subfield>
    <subfield code="8">AUDIOVISUA</subfield>
    <subfield code="a">CIIC</subfield>
    <subfield code="b">CIIC</subfield>
    <subfield code="d">2013-11-12</subfield>
    <subfield code="i">C1191239</subfield>
    <subfield code="l">0</subfield>
    <subfield code="o">ACDCH 372/011 d.2 e.3</subfield>
    <subfield code="p">0767971</subfield>
    <subfield code="r">2023-05-02 00:00:00</subfield>
    <subfield code="t">3</subfield>
    <subfield code="w">2023-05-02</subfield>
    <subfield code="y">DIGITAL</subfield>
  </datafield>
  <datafield tag="952" ind1=" " ind2=" ">
    <subfield code="0">0</subfield>
    <subfield code="1">0</subfield>
    <subfield code="4">0</subfield>
    <subfield code="7">0</subfield>
    <subfield code="8">AUDIOVISUA</subfield>
    <subfield code="a">CIIC</subfield>
    <subfield code="b">CIIC</subfield>
    <subfield code="d">2013-11-12</subfield>
    <subfield code="i">C1191242</subfield>
    <subfield code="l">0</subfield>
    <subfield code="o">ACDCH 372/011 d.1 e.2</subfield>
    <subfield code="p">0767968</subfield>
    <subfield code="r">2023-05-02 00:00:00</subfield>
    <subfield code="t">5</subfield>
    <subfield code="w">2023-05-02</subfield>
    <subfield code="y">DIGITAL</subfield>
  </datafield>
  <datafield tag="952" ind1=" " ind2=" ">
    <subfield code="0">0</subfield>
    <subfield code="1">0</subfield>
    <subfield code="4">0</subfield>
    <subfield code="7">0</subfield>
    <subfield code="8">AUDIOVISUA</subfield>
    <subfield code="a">CIIC</subfield>
    <subfield code="b">CIIC</subfield>
    <subfield code="d">2013-11-12</subfield>
    <subfield code="i">C1191244</subfield>
    <subfield code="l">0</subfield>
    <subfield code="o">ACDCH 372/011 d.1 e.3</subfield>
    <subfield code="p">0767969</subfield>
    <subfield code="r">2023-05-02 00:00:00</subfield>
    <subfield code="t">6</subfield>
    <subfield code="w">2023-05-02</subfield>
    <subfield code="y">DIGITAL</subfield>
  </datafield>
</record>
